000 01802cam a22004334i 4500
003 PE-LiUPU
005 20250731173123.0
008 150623s1995 miu rb 000 0 spa d
035 _a(Sirsi) a25768
040 _aPE-LiUPU
_bspa
_cPE-LiUPU
_erda
082 0 4 _a286.732
_bT56S
_221
100 1 _aTimm, Alberto Ronald,
_eautor.
245 1 4 _aThe sanctuary and the three angels' messages :
_bintegrating factors in the development of Seventh - day Adventist Doctrines /
_cAlberto R. Timm.
264 1 _aBerrien Springs, Michigan :
_bAdventist Theological Scciety Publications,
_c1995.
300 _a318 páginas ;
_c22 centímetros
336 _atext
_2rdacontent
337 _aunmediated
_2rdamedia
338 _avolume
_2rdacarrier
504 _aIncluye bibliografía.
505 0 _aPre - 1844 interpretations -- The period of doctrinal integration, 1844-1850 -- The period of doctrinal consolidation, 1850-1863: Part 1 -- The period of doctrinal consolidation: 1850-1863 part 2. General sumanry and conclusions.
526 _aSEG42
526 _aSEG41
526 _aSEG40
526 _aSEG39
526 _aP94
526 _aP87
526 _aP86
526 _aP85
526 _aP77
526 _aP76
526 _aP35
650 0 4 _aSantuario Celestial
_xDoctrina (IASD).
650 0 4 _aMensaje de los Tres Angeles.
942 _2ddc
_cBOOK
949 _a286.732 T56S
_wDEWEY
_c1
_i51037
_lCCODEBUL1
_mBUL
_p15.00
_r0
_sY
_tBOOK
_u2015-06-24
_xTEOLOGIA
_PP35
_0COMPRA
_o.STAFF. Colección Teología
596 _a1
999 _a286.732 T56S
_wDEWEY
_c32725
_i51037
_d32725
_e2017-10-26
_f2021-11-11
_g6
_lCCODEBUL1
_mBUL
_n1
_p15.00
_q2
_r0
_sY
_tBOOK
_u2015-6-24
_xTEOLOGIA
_PP35
_0COMPRA
_o.STAFF. Colección Teología
980 _81
_gALBERTO SANCHEZ Responsable de Automatización